Nom des stades des équipes de LDC 2024-2025 - Statistiques

Statistiques générales
  • Ce quiz a été pris 84 fois
    62 depuis la dernière actualisation
  • Le résultat moyen est 12 sur 36
Statistiques - réponses
Indice Réponse Ville % Correct
PSG Parc des Princes Paris
93%
Bayern Munich Allianz Arena Munich
84%
Milan AC San Siro Milan
77%
AS Monaco Stade Louis II Monaco
77%
Inter Milan Stadio Giuseppe-Meazza Milan
77%
FC Liverpool Anfield Liverpool
73%
Arsenal FC Emirates Stadium Londres
70%
Atlético de Madrid Riyadh Air Metropolitano Madrid
70%
Manchester City FC City of Manchester Stadium Manchester
59%
Borussia Dortmund Signal Iduna Park Dortmund
55%
Aston Villa FC Villa Park Birmingham
52%
LOSC Decathlon Arena - Stade Pierre Mauroy Lille
50%
Benfica Lisbonne Estádio do Sport Lisboa e Benfica Lisbonne
46%
FC Barcelone Estadi Olímpic Lluís Companys Barcelone
39%
Celtic FC Celtic Park Glasgow
29%
RB Leipzig Red Bull Arena Leipzig
25%
RB Salzbourg Red Bull Arena Salzbourg
25%
Stade Brestois Roudourou Guinguamp
25%
Bayer Leverkusen BayArena Leverkusen
23%
Real Madrid CF Estadio Santiago-Bernabéu Madrid
20%
Juventus FC Allianz Stadium Turin
18%
Étoile rouge de Belgrade Stadion Rajko Mitić Belgrade
11%
Shakhtar Donetsk Veltins-Arena Gelsenkirchen
11%
Sporting Portugal Estádio José Alvalade XXI Lisbonne
9%
Club Bruges KV Jan Breydelstadion Bruges
7%
VfB Stuttgart MHPArena Stuttgart
7%
PSV Eindhoven Philips Stadion Eindhoven
7%
Young Boys Berne Stadion Wankdorf Berne
5%
Feyenoord Rotterdam Stadion Feijenoord Rotterdam
4%
GNK Dinamo Zagreb Stadion Maksimir Zagreb
4%
SK Sturm Graz Wörthersee Stadion Klagenfurt
4%
Girona FC Estadi Municipal de Montilivi Gerone
2%
SK Slovan Bratislava Tehelné pole Bratislava
2%
Atalanta Bergame Stadio Atleti Azzurri d'Italia Bergame
0%
AC Sparta Prague Stadion Letná Prague
0%
Bologne FC Stadio Renato Dall'Ara Bologne
0%
Aucun quiz correspondant
Distribution des résultats
% des personnes avec chaque résultat
Percentile par nombre de réponses
Votre historique - résultats
Vous n’avez pas pris ce quiz depuis la dernière actualisation